| 000 | 00994nam a2200277 a 4500 | ||
|---|---|---|---|
| 001 | 481 | ||
| 003 | BR-CuiBMT | ||
| 005 | 20231114194407.0 | ||
| 008 | 231107s2009 rjba 000 0 por d | ||
| 020 | _a9788535236873 | ||
| 040 |
_aBR-CuiBMT _cBR-CuiBMT |
||
| 080 |
_22007 _a336.2:35.078.3 _x(079.1) |
||
| 090 |
_a336.2:35.078.3(079.1) _bP281d _c7. ed. |
||
| 100 | 1 |
_aPascoal, Valdecir, _d1969- _qPascoal, Valdecir Fernandes |
|
| 245 | 0 |
_aDireito financeiro e controle externo : _bteoria, jurisprudência e 400 questões / _cValdecir Pascoal. |
|
| 250 | _a7. ed. | ||
| 260 |
_aRio de Janeiro : _bElsevier, _c2009. |
||
| 300 |
_a306 p.: _bil. _c24 cm |
||
| 490 | 0 | _aProvas e concursos | |
| 500 | _aAtualizado de acordo com a lei de responsabilidade fiscal - LRF; atualizada até a E.C n° 56/2007 e com a nova lei complementar nº 131/2009. | ||
| 504 | _aInclui bibliografia | ||
| 650 | _aDireito financeiro | ||
| 650 | _aControle externo | ||
| 650 | _aDespesa pública | ||
| 942 |
_2udc _cLV |
||
| 999 |
_c481 _d481 |
||